24 Internationale, moderne Weihnachtslieder - wer ist der Interpret? - Statistiken

Allgemein
  • Dieses Quiz wurde 25 mal gespielt
  • Das Durchschnittsergebnis liegt bei 9 aus 24
Antwortstatistiken
Jahr Titel Interpret % Korrekt
1984 Last Christmas Wham!
96%
1994 All I Want For Christmas Is You Mariah Carey
79%
1984 Do They Know It's Christmas? Band Aid
58%
2001 Wonderful Dream (Holidays Are Coming) Melanie Thornton
58%
1986 Driving Home For Christmas Chris Rea
54%
1971 Happy Xmas (War Is Over) John Lennon und Yoko Ono
54%
1984 Thank God It's Christmas Queen
54%
2021 Merry Christmas Ed Sheeran und Elton John
50%
1979 Wonderful Christmastime Paul McCartney
46%
2011 Mistletoe Justin Bieber
42%
2021 Santa, Can't You Hear Me? Kelly Clarkson & Ariana Grande
42%
2017 Snowman Sia
42%
1942 White Christmas Bing Crosby
33%
2010 Christmas Lights Coldplay
25%
1970 Feliz Navidad José Feliciano
21%
2018 Cozy Little Christmas Katy Perry
21%
1998 Merry Christmas, Happy Holidays NSYNC
17%
1958 Run Rudolph Run Chuck Berry
13%
2001 8 Days of Christmas Destiny's Child
13%
1973 Merry Xmas Everybody Slade
13%
2019 Christmas Tree Farm Taylor Swift
13%
2020 Christmas Saves The Year Twenty One Pilots
8%
1949 Rudolph, the Red-Nosed Reindeer Gene Autry
4%
1945 Let It Snow! Let It Snow! Let It Snow! Vaughn Monroe
4%
Keine übereinstimmenden Quizze gefunden
Verteilung der Resultate
Anzahl Personen mit jedem Resultat
Perzentil nach korrekt beantworteten Fragen
Ihre Resultats-Entwicklung
Sie haben dieses Quiz noch nicht gespielt